00364nam a2200121 a 450000100100000000500170001000800410002704000250006808200150009324500440010826000700015230000200022200002902520200930055301.0110413s199? dr 000 0 spa d aDO-SdBNPbspacBNPHU axxxxbC39700aCentro de enseñanza "El Buen Pastor". aSanto Domingo :bCentro de enseñanza "El Buen Pastor",c[199?]. a16 p. ;c23 cm.